Nové informační technologie a platební styk
Nové informačné technológie prenikajú aj do platobného styku medzi obchodnými partnermi. Ide o busibess to business (B2B) transakcie, ktoré majú vnútroštátny aj medzinárodný charakter. Rozširovanie internetu a elektronický obchod. Dokumentárne platby a obchodný prípad systému Bolero. Systém TradeCar...
Na minha lista:
| Autor principal: | |
|---|---|
| Formato: | Capítulo de Livro |
| Idioma: | tcheco |
| Assuntos: | |
| Tags: |
Sem tags, seja o primeiro a adicionar uma tag!
|
MARC
| LEADER | 00000naa a2200000 4500 | ||
|---|---|---|---|
| 001 | r039922 | ||
| 005 | 20231003114238.1 | ||
| 041 | 0 | |a cze | |
| 044 | |a CZ | ||
| 245 | 1 | 0 | |a Nové informační technologie a platební styk |c Jaroslav Krýsl |
| 520 | |a Nové informačné technológie prenikajú aj do platobného styku medzi obchodnými partnermi. Ide o busibess to business (B2B) transakcie, ktoré majú vnútroštátny aj medzinárodný charakter. Rozširovanie internetu a elektronický obchod. Dokumentárne platby a obchodný prípad systému Bolero. Systém TradeCard. | ||
| 610 | 2 | 0 | |a styk platobný bezhotovostný |
| 610 | 2 | 0 | |a styk platobný medzinárodný |
| 610 | 2 | 0 | |a technológie informačné |
| 610 | 2 | 0 | |a technológie nové |
| 610 | 2 | 0 | |a obchod elektronický |
| 610 | 2 | 0 | |a akreditív dokumentárny |
| 610 | 2 | 0 | |a Bolero |
| 610 | 2 | 0 | |a TradeCard |
| 610 | 2 | 0 | |a internet |
| 100 | 1 | |a Krýsl, Jaroslav | |